| 000 | 01341nam a22002897a 4500 | ||
|---|---|---|---|
| 003 | OSt | ||
| 005 | 20250331092250.0 | ||
| 008 | 240906b ||||| |||| 00| 0 eng d | ||
| 040 | _c0 | ||
| 082 | _aDPer 621.317 Ie21 December 2022 v.37 n. 12 part 1&2. | ||
| 100 |
_aMajmunovic, Branko. _eauthor. _960428 |
||
| 245 |
_a1 kv, 10-kw sic-based quadruple active bridge dcx stage in a dc to three-phase ac module for medium-voltage grid integration / _cBranko Majmunovic, Satyaki Mukherjee, Trent Martin, Rahul Mallik, Soham Dutta, Brian Johnson, and Dragan Maksimovic. |
||
| 260 |
_aNew York ; _bThe Institute of Electrical and Electronics Engineers, Inc., _cDecember 2022. |
||
| 300 |
_avolume 37, pages 14631-14646, _billustration. |
||
| 500 | _aIEEE Transactions on Power Electronics, v. 37 n. 12, pages 14631-14646, December 2022. | ||
| 650 | 0 |
_aDual active bridge. _966110 |
|
| 650 | 0 |
_aphotovoltaic power systems. _966111 |
|
| 650 | 0 |
_aquadruple active bridge (QAB). _966112 |
|
| 700 |
_aMajmunovic, Branko. _eauthor. _960428 |
||
| 700 |
_aMukherjee, Satyaki. _eauthor. _960429 |
||
| 700 |
_aMartin, Trent. _eauthor. _960430 |
||
| 700 |
_aMallik, Rahul. _eauthor. _960431 |
||
| 700 |
_aDutta, Soham. _eauthor. _960432 |
||
| 700 |
_aJohnson, Brian. _eauthor. _960433 |
||
| 700 |
_aMaksimovic, Dragan. _eauthor. _960434 |
||
| 942 |
_2ddc _cPER |
||
| 999 |
_c21407 _d21407 |
||